000 00618nam a2200193Ia 4500
005 20250508152710.0
008 008 250505s9999 xx 000 0 eng d
037 _aTextual
040 _aFEDL
_beng
_cFEDL
041 _aeng
_2eng
084 _a200.013, BEN
_qFEDL
100 _aBenson Purnell Handy
_9134053
245 0 _aReligion in contemporary culture: A study of religion through social science
260 _aNew York, USA
_bHarper and Brothers Publishers
_c1960
300 _axi,837p
490 _aHarper's social science series
942 _cTEXL
_h200.013, BEN
999 _c1338126
_d1338126